Dievča z priesmyku

Bibliographic Details
Main Author: Daskalov, Stojan Cekov, 1909-1985 (Author)
Other Authors: Dočevská, Augusta (Translator), Ferko, Milan, 1929-2010 (Translator), Rampáková, Ľudmila, 1922-2003 (Author of introduction, etc.)
Format: Book
Language:Slovak
Bulgarian
PhysicalDescription:383, [1] s. 8°
Published: Bratislava Smena 1951
Edition:1. vyd.
Series:Dielo
Subjects:

MARC

LEADER 00000cam a2200000 a 4500
001 vtls008367906
003 SK-MaSNL
005 20260302093730.0
008 230403s1951 xo 000 f slo
015 |a SNBA19451955-001807 
035 |a SK01SNKBKSFS20020060123 
035 |a urn:nbn:sk:snk-am3id8z 
035 |a urn:nbn:sk:snk-am00e45i 
035 |a D0A71B27-9F26-4434-AA8D-0F578FD7FD44 
035 |a SKM000062586 
040 |a SNK  |b slo  |c SNK  |e AACR2 
041 1 |a slo  |h bul 
044 |a xo  |c SK 
080 |a 886.7-3  |2 1981 
100 1 |a Daskalov, Stojan Cekov,  |d 1909-1985  |4 aut  |9 165016 
240 1 0 |a Devojkata ot prochoda  |l Slovensky 
245 1 0 |a Dievča z priesmyku  |c Stojan C. Daskalov ; [z bulharského originálu Devojkata ot prochoda ... preložila Augusta Dočevská ; verše Milan Ferko] 
250 |a 1. vyd. 
260 |a Bratislava  |b Smena  |c 1951  |e Ružomberok  |f Stredoslovenské tlačiarne 
300 |a 383, [1] s.  |c 8° 
366 |e 8500 výtl. 
490 1 |a Dielo  |v sv. 11 
655 7 |a bulharské romány  |2 SNKPH  |9 82469 
700 1 |a Dočevská, Augusta  |4 trl  |9 764865 
700 1 |a Ferko, Milan,  |d 1929-2010  |4 trl  |9 134529 
700 1 |a Rampáková, Ľudmila,  |d 1922-2003  |4 aui  |9 39153 
700 1 2 |a Rampáková, Ľudmila,  |d 1922-2003  |t Stojan C. Daskalov  |9 764866 
830 0 |a Dielo  |9 344112 
852 |a Slovenská národná knižnica 
954 |a beletria cudzojazyčná (svetová)  |2 lita 
958 |a EUIPO 
958 |a OND 
958 |a RK 
958 |a TL 
999 |c 1210180  |d 1212110 
952 |a SNK  |b SNK  |y VYP  |7 0  |p 17A0648228  |o snkSD 6885/11 D1  |i snkVIII.1376/52  |0 0  |1 0  |4 0  |d 2010-03-11  |l 0  |r 2026-02-24 23:10:28  |w 2026-02-24 
952 |a SNK  |b SNK  |y VYP  |7 0  |p 17A0648428  |o snkSD 6885/11 D2  |i snkF 2059/63  |8 5  |0 0  |1 0  |4 0  |d 2010-03-11  |l 0  |r 2026-02-24 23:10:29  |w 2026-02-24 
952 |a SNK  |b SNK  |y PREZ  |7 0  |p 17A0912606  |o snkSD 6885/11  |i snk969/52  |0 0  |1 0  |4 0  |d 2019-07-02  |f 1  |l 0  |r 2025-11-14 00:00:00  |w 2026-02-24